000 00607nam a2200205 u 4500
005 20240802063714.0
008 121026s2005 r 000 0 eng d
020 _a9685771073
035 _aUPN01000188049
049 _aI
050 4 _aPQ7298.28 A4.4
_bC5.7
100 1 _aRamírez Castañeda, Elisa,
_d1947-
_933624
245 1 0 _aCíscale, císcale, diablo panzón /
_cElisa Ramírez Castañeda.
260 _aMéxico :
_bPluralia,
_c2005.
300 _a95 p. :
_bil.
650 4 _aLiteratura infantil mexicana
_910209
650 4 _aJuegos infantiles
_96445
905 _aInfantil
999 _c160152
_d160152